Ac Milan - Tous les joueurs de 2000 à 2010 - Statistiques

Statistiques générales
  • Ce quiz a été pris 24 fois
  • Le résultat moyen est 26 sur 116
Statistiques - réponses
Saisons Nationalité Joueur Nombre
De Matchs
Poste % Correct
2002 - 2012 Pays - Bas ClarenceSeedorf 432 M
100%
1984 - 2009 Italie PaoloMaldini 901 D
100%
2002 - 2012 Italie AlessandroNesta 326 D
95%
1999 - 20062008 - 2009 Ukraine AndriyShevchenko 322 A
90%
2000 - 20012002 - 2010 Brésil Dida 302 G
90%
2001 - 2011 Italie AndreaPirlo 401 M
85%
1999 - 2012 Italie GennaroGattuso 468 M
85%
2003 - 2008 Brésil Cafu 166 D
80%
2001 - 2012 Italie FilippoInzaghi 300 A
75%
1997 - 19992000 - 2003 France IbrahimBa 77 M
75%
2003 - 20092013 - 2014 Brésil Kaka 307 M
75%
2001 - 2006 Portugal RuiCosta 192 M
75%
2004 - 2005 Argentine HernanCrespo 40 A
70%
2008 - 2011 Brésil Ronaldinho 95 M/A
70%
2007 - 2013 Brésil AlexandrePato 150 A
60%
1986 - 2007 Italie AlessandroCostacurta 663 D
55%
2000 - 2010 Géorgie KakhaberKaladze 284 D
55%
1995 - 19971998 - 2013 Italie MassimoAmbrosini 488 M
55%
2008 - 2012 Brésil ThiagoSilva 119 D
55%
1998 - 20052008 - 2016 Italie ChristianAbbiati 380 G
50%
2003 - 20042009 - 2019 Italie IgnazioAbate 306 D
50%
2005 - 2008 Italie AlbertoGilardino 132 A
45%
2008 - 2012 Italie GianlucaZambrotta 107 D
45%
2005 - 2011 RépubliqueTchèque MarekJankulovski 158 D
45%
2006 - 2008 France YoannGourcuff 54 M
45%
2004 - 2006 Pays - Bas JaapStam 65 D
40%
2006 - 2008 Brésil Ronaldo 20 A
40%
1992 - 2001 Croatie ZvonimirBoban 251 M
40%
1998 - 2001 Allemagne OliverBierhoff 119 A
35%
1990 - 2002 Italie SebastianoRossi 330 G
35%
2008 - 2010 Angleterre DavidBeckham 33 M
30%
2002 - 2005 Danemark Jon DahlTomasson 114 A
30%
2002 - 20042006 - 2007 2008 - 2010 Italie MarcoBorriello 75 A
30%
1999 - 2008 Brésil Serginho 281 D
30%
2005 - 2006 Italie ChristianVieri 14 A
25%
2006 - 2015 Italie DanieleBonera 201 D
25%
2002 - 2008 Croatie DarioSimic 129 D
25%
1988 - 19901991 - 2002 Italie DemetrioAlbertini 406 M
25%
2008 - 2013 France MathieuFlamini 122 M
25%
2002 - 2003 Brésil Rivaldo 40 M
25%
2000 - 2004 Argentine FernandoRedondo 33 M
20%
2006 - 20082009 - 2011 Italie MassimoOddo 80 D
20%
2004 - 2005 France VikashDhorasoo 20 M
20%
2001 - 2003 Gabon CatilinaAubameyang 5 M
15%
2005 - 2006 Suisse JohannVogel 22 M
15%
2009 - 2010 Pays - Bas Klaas - Jan Huntelaar 30 A
15%
2002 - 2003 Italie SamueleDalla Bona 16 M
15%
2007 - 2008 Gabon William - FilsAubameyang 1 D
15%
2002 - 20032013 - 2014 Italie AlessandroMatri 19 A
10%
2007 - 2009 Brésil Emerson 40 M
10%
2003 - 2005 Italie GiuseppePancaro 56 D
10%
1997 - 20012002 - 2003 Brésil Leonardo 124 M
10%
2008 - 2013 Italie LucaAntonini 111 D
10%
1989 - 19972001 - 2002 Italie MarcoSimone 260 A
10%
2008 - 2009 Suisse PhilippeSenderos 20 D
10%
2000 - 2003 Brésil RoqueJunior 75 D
10%
1998 -2003 Danemark ThomasHelveg 147 D/M
10%
2007 - 2008 Italie AlbertoPaloschi 9 A
5%
2006 - 2007 Italie AlexGuerci 1 M
5%
2009 - 2010 Italie AndreaDe Vito 2 D
5%
1998 - 2001 Argnetine AndrésGuglielminpietro 78 M
5%
2001 - 2002 Roumanie CosminContra 44 D
5%
2001 - 20052006 - 2008 Italie CristianBrocchi 161 M
5%
2006 - 20072009 - 2010 Italie DavideDi Gennaro 3 M
5%
1999 - 2001 Italie Diego De Ascentis 26 M
5%
2007 - 2008 Brésil Digao 3 D
5%
2004 - 2005 Argentine FabricioColoccini 5 D
5%
1998 - 2001 Italie FedericoGiunti 76 M
5%
2008 - 2009 Brésil FelipeMattioni 1 D
5%
1995 - 19971998 - 1999 2000 - 2001 Italie FrancescoCoco 79 D
5%
2009 - 2010 Italie GianmarcoZigoni 1 A
5%
2000 - 2001 Italie GianniComandini 18 A
5%
2006 - 2010 Italie GiuseppeFavalli 99 D
5%
2004 - 2005 Pays - Bas HarveyEsajas 1 D
5%
2001 - 2002 Espagne JaviMoreno 27 A
5%
1999 - 2003 Argentine JoséChamot 75 D
5%
1999 - 2002 Espagne JoséMari 75 A
5%
2000 - 2001 Brésil JulioCesar 5 D
5%
2006 - 2007 Argentine LeandroGrimi 4 D
5%
2004 - 2006 Italie LinoMarzorati 3 D
5%
2006 - 20072014 - 2018 Italie LucaAntonelli 69 D
5%
1998 - 2001 Italie LuigiSala 69 D
5%
2009 - 2010 Brésil Mancini 7 M/A
5%
2000 - 2002 Italie MarcoDonadel 4 M
5%
2006 - 20072009 - 2010 2016 - 2018 Italie MarcoStorari 19 G
5%
2001 - 2004 Danemark MartinLaursen 82 D
5%
2001 - 2002 Italie MassimoDonati 27 M
5%
2008 - 2009 Uruguay MathiasCardacio 2 M
5%
2006 - 2009 Italie MatteoDarmian 6 D
5%
2002 - 2003 Italie MattiaDal Bello 2 M
5%
2002 - 2003 Italie MirkoStefani 1 D
5%
2001 - 2002 Sénégal MohamedSarr 3 D
5%
2009 - 2010 Etats - Unis OguchiOnyewu 1 D
5%
2000 - 2001 Uruguay PabloGarcia 6 M
5%
2006 - 2007 Brésil RicardoOliveira 37 A
5%
2008 - 2013 SierraLeone RodneyStrasser 9 M
5%
2009 - 2010 Italie SimoneVerdi 2 M/A
5%
2008 - 2009 Uruguay TbaréViudez 1 A
5%
2001 - 2002 Turquie UmitDavala 13 M
5%
1999 - 2008 Italie ValerioFiori 2 G
5%
2001 - 2002 Biélorussie VitaliyKutuzov 4 A
5%
2005 - 2009 Australie ZeljkoKalac 56 G
5%
1998 - 2001 Nigéria AliyuDatti 3 A
0%
2002 - 2003 Brésil Claiton 1 D
0%
1996 - 19982000 - 2001 Italie DanieleDaino 25 D
0%
2000 - 2001 Croatie DrazenBrncic 5 M
0%
2006 - 2007 Italie GastoneBottini 1 M
0%
2007 - 2008 Nigéria KingsleyUmunegbu 1 A
0%
1996 - 19972000 - 2001 Italie LucaSaudati 7 A
0%
2005 - 2006 Brésil MarcioAmoroso 5 A
0%
2005 - 2006 Italie MatteoArdemagni 1 A
0%
2006 - 2007 Italie MatteoLunati 1 A
0%
2002 - 2003 Italie MichelePiccolo 1 A
0%
2002 - 2003 Italie RobertoBortolotto 1 A
0%
2004 - 2005 Italie RomanoPerticone 1 D
0%
2002 - 2003 Italie StefanoPastrello 1 M
0%
Aucun quiz correspondant
Distribution des résultats
% des personnes avec chaque résultat
Percentile par nombre de réponses
Votre historique - résultats
Vous n’avez pas pris ce quiz